000 00247nam a22001217a 4500
008 181017b xxu||||| |||| 00| 0 eng d
041 _aeng
080 _a616.15
100 _a9
101 _aHEM
245 _aBlood
_cKapff,C.T
942 _2udc
_cBK
999 _c49973
_d49973